000 00482nam a2200169 i 4500
001 40364
003 ES-MaACL
005 20230906160213.0
007 t|
008 030306s1971 sp ||||1| cat d
100 1 _aCarner, Josep.
_935366
245 1 0 _aLlibre de lectura /
_cJosep Carner ; proleg i seleccio d'Antoni Comas.
260 _a[Barcelona] :
_bDestino,
_c[1971]
300 _a270 p. ;
_c21 cm.
700 1 _aComas, Antoni.
_939930
852 _aES-MaACL
_jC-48066
_bR.77217
999 _c40364
_d40364